<?xml version="1.0" encoding="UTF-8"?>
<record
    xmlns:xsi="http://www.w3.org/2001/XMLSchema-instance"
    xsi:schemaLocation="http://www.loc.gov/MARC21/slim http://www.loc.gov/standards/marcxml/schema/MARC21slim.xsd"
    xmlns="http://www.loc.gov/MARC21/slim">

  <leader>01332naa a2200205 i 4500</leader>
  <controlfield tag="001">4623</controlfield>
  <controlfield tag="003">KOSZ 005</controlfield>
  <controlfield tag="005">20191005105830.0</controlfield>
  <controlfield tag="008">151214s2009    pl  |  f     |000 ||pol</controlfield>
  <datafield tag="040" ind1=" " ind2=" ">
    <subfield code="c">KOSZ 005</subfield>
    <subfield code="a">KOSZ 005</subfield>
    <subfield code="d">KOSZ 005/HR</subfield>
  </datafield>
  <datafield tag="080" ind1=" " ind2=" ">
    <subfield code="a">004.92/.94</subfield>
  </datafield>
  <datafield tag="100" ind1="1" ind2=" ">
    <subfield code="a">Jak&#xF3;bczak, Dariusz</subfield>
    <subfield code="e">Autor</subfield>
    <subfield code="d">1998 - .</subfield>
    <subfield code="b">Politechnika Koszali&#x144;ska - Wydzia&#x142; Elektroniki i Informatyki,</subfield>
    <subfield code="c">Katedra Podstaw Informatyki i Zarz&#x105;dzania</subfield>
  </datafield>
  <datafield tag="245" ind1=" " ind2=" ">
    <subfield code="a">Zastosowanie dyskretnego, ortogonalnego operatora Hurwitza-Radona w kompresji i rekonstrukcji kontur&#xF3;w obraz&#xF3;w monochromatycznych /</subfield>
    <subfield code="c">Dariusz Jak&#xF3;bczak.</subfield>
  </datafield>
  <datafield tag="500" ind1=" " ind2=" ">
    <subfield code="a">Dane z autopsji.</subfield>
  </datafield>
  <datafield tag="520" ind1=" " ind2=" ">
    <subfield code="a">Praca jest efektem bada&#x144; autora zwi&#x105;zanych z rozpraw&#x105; doktorsk&#x105;. Omawiana metoda jest oparta na rodzinie macierzy Hurwitza-Radona (HR). Macierze HR s&#x105; sko&#x15B;no-symetryczne i sk&#x142;adaj&#x105; si&#x119; z kolumn tworz&#x105;cych ortogonalne wektory. W pracy opisano operator Hurwitza-Radona (OHR) zbudowany z macierzy HR. Pokazano, jak konstruowa&#x107; ortogonalny i dyskretny OHR oraz jak wykorzysta&#x107; go w procesie interpolacji krzywej.</subfield>
  </datafield>
  <datafield tag="650" ind1=" " ind2="0">
    <subfield code="a">Macierze.</subfield>
  </datafield>
  <datafield tag="650" ind1=" " ind2=" ">
    <subfield code="a">Wektory.</subfield>
  </datafield>
  <datafield tag="773" ind1="0" ind2=" ">
    <subfield code="i">W :</subfield>
    <subfield code="t">Zeszyty Naukowe Wydzia&#x142;u Elektroniki i Informatyki Politechniki Koszali&#x144;skiej. -</subfield>
    <subfield code="d">Koszalin : Wydaw. Uczelniane Politechniki Koszali&#x144;skiej.  -</subfield>
    <subfield code="g">2009, nr 1, s. 95-111</subfield>
  </datafield>
  <datafield tag="942" ind1=" " ind2=" ">
    <subfield code="c">ART</subfield>
    <subfield code="2">UKD</subfield>
  </datafield>
  <datafield tag="999" ind1=" " ind2=" ">
    <subfield code="c">4623</subfield>
    <subfield code="d">4623</subfield>
  </datafield>
  <datafield tag="952" ind1=" " ind2=" ">
    <subfield code="0">0</subfield>
    <subfield code="1">0</subfield>
    <subfield code="4">0</subfield>
    <subfield code="7">0</subfield>
    <subfield code="a">BPK</subfield>
    <subfield code="b">BPK</subfield>
    <subfield code="o">01547</subfield>
    <subfield code="y">ART</subfield>
  </datafield>
</record>
